[Event "San Francisco Benson Memorial"]
[Site "San Francisco"]
[Date "2016.09.13"]
[Round "7"]
[White "Yanofsky, Kevin"]
[Black "Yang, Eric"]
[Result "0-1"]
[WhiteElo "1445"]
[BlackElo "1851"]
[PlyCount "56"]
[EventDate "2016.08.02"]
[EventType "swiss"]
[EventRounds "9"]
[EventCountry "USA"]
[SourceTitle "EXT 2018"]
[Source "ChessBase"]
[SourceDate "2017.10.13"]
[SourceVersion "1"]
[SourceVersionDate "2017.10.13"]
[SourceQuality "1"]

1. d4 Nf6 2. c4 g6 3. Nc3 Bg7 4. e4 d6 5. Nf3 0-0 6. Be2 e5 7. 0-0 Nc6 8. d5 Ne7 9. Ne1 Nd7 10. Nd3 f5 11. f3 f4 12. b4 g5 13. c5 Nf6 14. Bd2 h5 15. cxd6 cxd6 16. Nf2 Ng6 17. Rc1 Rf7 18. a4 Bf8 19. h3 Nh4 20. Be1 Rg7 21. Nb5 g4 22. hxg4 hxg4 23. fxg4 Nh5 24. Nd3 Ng3 25. Bxg3 fxg3 26. Ne1 Qb6+ 27. Kh1 Rh7 28. g5 Nf3# 0-1

[Event "San Francisco Benson Memorial"]
[Site "San Francisco"]
[Date "2016.08.16"]
[Round "3"]
[White "Cunningham, Charles"]
[Black "Yang, Eric"]
[Result "0-1"]
[WhiteElo "1524"]
[BlackElo "1851"]
[PlyCount "80"]
[EventDate "2016.08.02"]
[EventType "swiss"]
[EventRounds "9"]
[EventCountry "USA"]
[SourceTitle "EXT 2018"]
[Source "ChessBase"]
[SourceDate "2017.10.13"]
[SourceVersion "1"]
[SourceVersionDate "2017.10.13"]
[SourceQuality "1"]

1. e4 e5 2. Nf3 Nc6 3. Bb5 Nf6 4. Bxc6 dxc6 5. d3 Bd6 6. h3 h6 7. a3 c5 8. Be3 0-0 9. Nc3 Re8 10. Qd2 Bf8 11. g4 Nh7 12. 0-0-0 c6 13. g5 h5 14. g6 fxg6 15. Rdg1 Qf6 16. Ng5 Bd6 17. Rg3 Nxg5 18. Bxg5 Qf7 19. Rhg1 Bd7 20. f3 Re6 21. Qg2 Rf8 22. h4 Be8 23. Nd1 Be7 24. Bxe7 Qxe7 25. Ne3 Qxh4 26. Nf5 Qf6 27. Qh3 gxf5 28. Rxg7+ Qxg7 29. Rxg7+ Kxg7 30. exf5 Ref6 31. Qh4 Kh6 32. Qe4 Rxf5 33. Qe3+ Rg5 34. Qxc5 Rxf3 35. Qd6+ Bg6 36. Qb8 h4 37. Qh8+ Bh7 38. Qe8 h3 39. Qe6+ Bg6 40. Qc4 h2 0-1